Quizzes
Events
Quiz Creation
Community
Videos
Private Events
Remove Ads
Sign In
Join for FREE
Feedback
Dark Mode
Quiz Categories
Sports
Geography
Music
Movies
Television
Just For Fun
Miscellaneous
History
Literature
Language
Science
Gaming
Entertainment
Religion
Holiday
For Kids
Quiz Lab
Recent
Popular Today
Quiz Kudos Today
Editor Picks
Curator Picks
Quizzes by...
Day
Popularity
Type
Ratings
Length
Year
Community
Subscriptions
Recent Discussions
Orange Saloon
Badges
Playlists
Quests
Create
Leaderboards
Showdown
Live 5
Trivia Bingo
Activity
Puzzle Library
Sporcle Events
Private Events
Virtual Trivia
Globe League
Become a Host
Pub Owners
SporcleCon
Opinionation
Our Games
Videos
Blog
Mobile Apps
Partnerships
Remove Ads and Go Orange
Feedback
Music
Pop Music
The Beatles
Song
Album
Lyrics
Bands
Singers
Artist
Clip
Rock
Rap
Classical
Billboard
Country Music
Kpop
Taylor Swift
Music
Pop Music
The Beatles
Song
Album
Lyrics
Bands
Singers
Artist
Clip
Rock
Rap
Classical
Billboard
Country Music
Kpop
Taylor Swift
Random Quiz
Search Sporcle
×
Quiz Lab
Quiz Lab
Music
Artist
Type in answers that appear in a list
Type in answers that appear in a list
Classic
Best Score? Go Orange.
Kurt Cobain's Favorite Albums Stats
Can you name the Favorite Albums of Kurt Cobain?
By
ihateemus
15m
50 Questions
423 Plays
423 Plays
423 Plays
Comments
Comments
Give Quiz Kudos
Give Quiz Kudos
-
- Ratings
hide this ad
More Info
Replay
Link that replays current quiz
Next Quiz
Link to next quiz in quiz playlist
You Got
0%
They Got
Avg Score
13%
Avg Friend Score
Upgrade to see
Score Distribution
Jump to the score distribution portion of the page
Score
0/50
Timer
15:00
0
Plays Today
Order
Album
% Correct
1
Raw Power
53.9%
2
Surfer Rosa
48%
14
Never Mind the Bollocks
43.7%
3
POD
30.7%
28
Combat Rock
30.5%
25
Green
28.8%
17
Daydream Nation
27%
37
Meet The Beatles
26.2%
43
It Takes a Nation of Millions to Hold Us Back
25.3%
40
Damaged
23.6%
23
Rocks
22.2%
45
The Man Who Sold The World
18%
11
My War
17.5%
13
Entertainment!
17.5%
18
Get The Knack
15.1%
5
Philosophy of the World
13.9%
29
Void/Faith Split EP
11.6%
34
Superfuzz Bigmuff
11.3%
7
Millions of Dead Cops
11.1%
30
Rites of Spring
10.4%
16
Dry
10.2%
8
Scratch Acid
9.9%
4
Son of a Gun
9.7%
36
Generic Flipper
9.5%
21
The Raincoats
8%
Order
Album
% Correct
22
Colossal Youth
8%
47
Youth Of America
8%
12
Rock For Light
7.8%
46
Is This Real?
7.8%
39
Locust Abortion Technician
6.9%
31
Jamboree
6.4%
20
Kleenex/Liliput
6.1%
42
Flowers of Romance
6.1%
6
Landshark
5.2%
48
Over The Edge
5.2%
32
Tales of Terror
5%
41
The Record
5%
50
Young God EP
5%
35
Yip Jump Music
4.3%
9
Paganicons
4%
10
Pee Pee The Sailor
4%
33
Last Sessions Vol 1
4%
26
Burning Farm
3.8%
49
She Hangs Brightly
3.8%
15
It's Only Right and Natural
3.3%
24
What Is It?
3.3%
19
Know Your Product
3.1%
27
Typical Girls
2.4%
38
We Are They Who Ache With Amorous Love
2.4%
44
Beach Party
2.1%
Quiz Playlist
Details
Report
Send in Message
Add To Playlist
More Info:
This is one of Cobain's favorite album lists from his personal journal. Evidently he made a couple of these, but this one is the most well known.
Classic:
Type in answers that appear in a list
Quiz Source
Last Updated: Feb 16, 2017
Quiz Scoreboard
CHALLENGE
Sign Up to Join the Scoreboard
Show All
Scores
Hide
Comments
May contain spoilers
Recently Published
Click the 1999 NBA Draft
by nibperrychub
Sports
2m
Alphabetical 'K' Countries by Flag Minefield
by ylime102
Geography
3m
Pick 6: Fruits
by JohnFran
Miscellaneous
15s
More to Explore
Quiz From the Vault
Featured Blog Post
15 Basketball Trivia Facts You Can Be March Mad About
hide this ad
You Might Also Like...
Tags
Album Quiz
Artist Quiz
Favorite
kurt
Kurt Cobain
Order
Today's Top Quizzes in Music
Browse Music
hide this ad
Today's Top Quizzes in Artist
Browse Artist
Top Contributed Quizzes in Music
1
KPOP LOGIC QUIZ
2
Taylor Swift All Songs (2024)
3
NCT 2020 Logic Puzzle
4
Taylor Swift Logic Puzzle
5
Lana Del Rey songs - match the song with the album
6
Taylor Swift: Logic Puzzle
7
Guess The Taylor Swift Lyrics Song #1
8
Joni Mitchell—'Car on a Hill' Lyrics
9
kpop group name match up
10
Guess the Taylor Swift song (Mystery Song)
Explore More
Trending Topics
Anime
Harry Potter
Disney
NBA
Kpop
Crossword
Marvel
Song
Soccer
The Office
WWE
Pokémon
NFL
Country
Puzzle
hide this ad
More By:
ihateemus
Quiz
Plays
Rating
Category
Featured
Created
Complete Sentence Movie Titles
134,895
3.96
Movies
Nov 15, 2009
Most MLB All-Star Selections (2000s)
6,330
4.33
Sports
Nov 15, 2009
Famous Australians
1,087
4.50
History
Nov 7, 2009
Movies' Big Six
785
5.00
Movies
May 16, 2010
Kurt Cobain's Favorite Albums
423
4.09
Music
Jun 18, 2010
Go to Creator's Profile
Score Distribution
Quiz Creator Spotlight
ihateemus
Follow
Send a Message
Quizzes Created
-
Created Quiz Play Count
-
More By This Creator
Popular Quizzes Today
1
Find the US States - No Outlines Minefield
2
Countries of Asia Without Outlines Minefield
3
Pick 6: Fruits
4
Alphabetical 'K' Countries by Flag Minefield
5
The Countries of the World
6
Click the 1999 NBA Draft
7
Match the Book to the Film X
8
Find the US States
More Music Quizzes
Movies in Song Lyrics II
Published
Trending Quizzes
Pick 6: Harry Potter
Pick 6: Golfers
Pick 6: Movie Franchises
Pick 6: Foods
Pick 6: Landmarks
Recently Updated
Women's Final Four Teams by Year
bhenderson79
Presidents Quartet II
eogle
Anything But Clue(do)
eogle
Anything But Oceanian Capitals
eogle
Anything But 7
eogle
Anything But Thing
eogle
Word Ladder: February 29
pecheneg
Song Title Questions
pecheneg
Women's NCAA Tournament #1 Seeds
pecheneg
Celebrity Mug Shots
pecheneg
Trending Topics
Harry Potter
NBA
Kpop
Marvel
Anime
Crossword
Disney
Song
Country
The Office
Soccer
Pokémon
WWE
Puzzle
NFL
Your Account Isn't Verified!
In order to create a playlist on Sporcle, you need to verify the email address you used during registration. Go to your
Sporcle Settings
to finish the process.
Report this User
Report this user for behavior that violates our
Community Guidelines
.
Details:
Send Report
Go to the Sporcle.com Mobile Site →
Comments